000 00720nam a2200217 a 4500
003 DO-SdBNP
005 20211014093139.0
007 ta
008 211013b dr ad||er|||| 001 0 spa d
020 _a9789945927801
040 _aDO-SdBNP
_bspa
_cBNPHU
082 _bB957c
100 1 _aBurgos, María
_980206
245 1 3 _aEl COVID-19 en barrios urbanos-marginaless del gran Santo Domingo:
_bla desigualdad ratificada /
_cMaría Burgos, Gabriela Read
260 _aSanto Domingo :
_bCiudad Alternativa,
_bFREIDRICH EBERT STIFTUNG,
_c[200?]
300 _a71 p. :
_bil., gráf. ;
_c28 cm.
504 _abibliografia: p. 60-61
590 _aInventariado 2021 / MF
700 1 _a Read, Gabriela
_980207
942 _2ddc
_cLBS1
999 _c50748
_d50748